• 首页
  • 本馆介绍
  • 公告通知
  • 最新文献
  • 馆藏检索
  • 电子资源
  • 读者导购
  • 参考咨询
  • 我的图书馆
  • 登录
  • 详细信息显示
  • 放入我的书架
  • 预约/预借图书
  • 作者相关作品
  • 分类相关作品
  • 丛书相关作品
  • 出版社相关作品

书目信息

  • 表格格式
  • 工作单格式
  • 卡片格式
题名:
重新定义战略
    
 
作者: 蒙哥马利 著 ;蒋宗强 , 王立鹏 译
分册:  
出版信息: 北京   中信出版集团股份有限公司  2016
页数: 15,224页
开本: 22cm
丛书名:
单 册:
中图分类: F272.1
科图分类:
主题词: 企业发展战略--qi ye fa zhan zhan lue
电子资源:
ISBN: 978-7-5086-5530-7
000 01371nam0 22002891 450
001 0119165253
005 20170619165253.0
010    @a978-7-5086-5530-7@b精装@dCNY45.00
100    @a20160219d2016 em y0chiy50 ea
101 1  @achi@ceng
102    @aCN@b110000
105    @ay z 000yy
106    @ar
200 1  @a重新定义战略@9chong xin ding yi zhan lue@b专著@e哈佛商学院核心战略课@dThe strategist@ebe the leader your business needs@f(美)辛西娅·蒙哥马利(Cynthia A. Montgomery)著@g蒋宗强,王立鹏译@zeng
210    @a北京@c中信出版集团股份有限公司@d2016
215    @a15,224页@d22cm
306    @a本书限中国大陆发行
330    @a本书是EOP课程的精髓体现,蒙哥马利将教大家如何培养生动的战略和实在的领导力所需要的技能和敏感性,帮助企业领导者寻找“可持续的竞争优势”,思考“我们是谁”、“什么让我们具有重要影响”等问题,并将这些问题内化为领导者内心一种持续的责任,在实践和决策中强化自己战略家的角色作用。
510 1  @aStrategist@ebe the leader your business needs@zeng
517 1  @a哈佛商学院核心战略课@9ha fo shang xue yuan he xin zhan lue ke
606 0  @a企业发展战略@9qi ye fa zhan zhan lue
690    @aF272.1@v5
701  0 @c(美)@a蒙哥马利@9meng ge ma li@c(Montgomery, Cynthia A.@f1952~)@4著
702  0 @a蒋宗强@9jiang zong qiang@4译
702  0 @a王立鹏@9wang li peng@4译
801  0 @aCN@b百万庄@c20170616
905    @b1011177-82@dF272.1@e1406@f6
    
    重新定义战略:哈佛商学院核心战略课=The strategist:be the leader your business needs/(美)辛西娅·蒙哥马利(Cynthia A. Montgomery)著/蒋宗强,王立鹏译.-北京:中信出版集团股份有限公司,2016
    15,224页;22cm
    
    
    ISBN 978-7-5086-5530-7(精装):CNY45.00
    本书是EOP课程的精髓体现,蒙哥马利将教大家如何培养生动的战略和实在的领导力所需要的技能和敏感性,帮助企业领导者寻找“可持续的竞争优势”,思考“我们是谁”、“什么让我们具有重要影响”等问题,并将这些问题内化为领导者内心一种持续的责任,在实践和决策中强化自己战略家的角色作用。
●
相关链接 在E读中查询图书 在五车中查询图书 在当当中查询图书 在豆瓣中查询图书


正题名:重新定义战略     索取号:F272.1/1406         预约/预借

序号 登录号 条形码 馆藏地/架位号 状态 备注
1 1011177   210111779   第一样本阅览室/ [索取号:F272.1/1406] 在馆    
2 1011178   210111788   教育系资料室/ [索取号:F272.1/1406] 在馆    
3 1011179   210111797   教育系资料室/ [索取号:F272.1/1406] 在馆    
4 1011180   210111804   教育系资料室/ [索取号:F272.1/1406] 在馆    
5 1011181   210111813   第一借阅区/ [索取号:F272.1/1406] 在馆    
6 1011182   210111822   第一借阅区/ [索取号:F272.1/1406] 在馆    
唐山师范学院图书馆 欢迎您!
大连网信软件有限公司© 版权所有